| 000 | 01019cam a2200217 4500 | ||
|---|---|---|---|
| 001 | WB3707-05 | ||
| 008 | 000000n2001 000 0 eng u | ||
| 035 | _a(Sirsi) u110881 | ||
| 245 | _aRICS awards 2001 | ||
| 260 | _c2001 | ||
| 490 |
_aRICS Press Release _v(pr16) 12 February 2001, (2) |
||
| 520 | _aThe RICS has started looking for entries for the 2001 competition to find the world's outstanding buildings and conservation projects. The 2001 Awards, intended to encourage sustainable development, will be given in 3 categories: building conservation, regeneration (urban, rural or coastal) and building efficiency. Closing date 27 April. Further information RICS Press Office 020 7334 3775 or Spada 020 7593 3333 (also entry form) | ||
| 590 | _aWB | ||
| 650 | _aABOUT RICS-AWARDS | ||
| 650 | _aSUSTAINABLE BUILDINGS | ||
| 650 | _aCONSERVATION | ||
| 650 | _aREGENERATION | ||
| 650 | _aEFFICIENCY | ||
| 690 | _aBUILT ENVIRONMENT-BUILDING MAINTENANCE AND REFURBISHMENT-BUILDING CONSERVATION | ||
| 942 | _n0 | ||
| 999 |
_c66100 _d66100 |
||